<?xml version="1.0" encoding="UTF-8"?>
<record
    xmlns:xsi="http://www.w3.org/2001/XMLSchema-instance"
    xsi:schemaLocation="http://www.loc.gov/MARC21/slim http://www.loc.gov/standards/marcxml/schema/MARC21slim.xsd"
    xmlns="http://www.loc.gov/MARC21/slim">

  <leader>00502nam a22001577a 4500</leader>
  <controlfield tag="005">20170522101726.0</controlfield>
  <controlfield tag="008">170522b        xxu||||| |||| 00| 0 eng d</controlfield>
  <datafield tag="020" ind1=" " ind2=" ">
    <subfield code="a">9789699368196</subfield>
  </datafield>
  <datafield tag="040" ind1=" " ind2=" ">
    <subfield code="c">PK-LaUMT</subfield>
  </datafield>
  <datafield tag="082" ind1=" " ind2=" ">
    <subfield code="a">UMT 297.124092</subfield>
    <subfield code="b">JAM-M</subfield>
  </datafield>
  <datafield tag="100" ind1=" " ind2=" ">
    <subfield code="a">Jamila Shaukat = &#x62C;&#x645;&#x6CC;&#x644;&#x6C1; &#x634;&#x648;&#x6A9;&#x62A;</subfield>
  </datafield>
  <datafield tag="245" ind1=" " ind2=" ">
    <subfield code="a">Mohadd-e-seen undlus =  &#x645;&#x62D;&#x62F;&#x62B;&#x6CC;&#x646; &#x627;&#x646;&#x62F;&#x644;&#x633; /</subfield>
    <subfield code="c">Jamila Shaukat = &#x62C;&#x645;&#x6CC;&#x644;&#x6C1; &#x634;&#x648;&#x6A9;&#x62A;</subfield>
  </datafield>
  <datafield tag="260" ind1=" " ind2=" ">
    <subfield code="a">Lahore :</subfield>
    <subfield code="b">University of Management and Technology,</subfield>
    <subfield code="c">2017</subfield>
  </datafield>
  <datafield tag="300" ind1=" " ind2=" ">
    <subfield code="a">532 p.</subfield>
  </datafield>
  <datafield tag="942" ind1=" " ind2=" ">
    <subfield code="c">BK</subfield>
  </datafield>
  <datafield tag="999" ind1=" " ind2=" ">
    <subfield code="c">93862</subfield>
    <subfield code="d">93862</subfield>
  </datafield>
  <datafield tag="952" ind1=" " ind2=" ">
    <subfield code="0">0</subfield>
    <subfield code="1">0</subfield>
    <subfield code="4">0</subfield>
    <subfield code="7">0</subfield>
    <subfield code="a">01</subfield>
    <subfield code="b">01</subfield>
    <subfield code="d">2017-05-22</subfield>
    <subfield code="l">0</subfield>
    <subfield code="o">UMT 297.124092 JAM-M</subfield>
    <subfield code="p">109278</subfield>
    <subfield code="r">2017-05-22 00:00:00</subfield>
    <subfield code="w">2017-05-22</subfield>
    <subfield code="y">BK</subfield>
  </datafield>
</record>
